|
|
|
|
| LEADER |
00704nam a2200205 a 4500 |
| 001 |
c000094132 |
| 003 |
CARM |
| 005 |
00000000000000.0 |
| 008 |
940610s1968 enk 00011 eng d |
| 019 |
1 |
|
|a 10955822
|5 LACONCORD2021
|
| 020 |
|
|
|a 0709103867
|
| 035 |
|
|
|a (OCoLC)30288984
|5 LACONCORD2021
|
| 100 |
1 |
|
|a Smith, Harriet.
|
| 245 |
1 |
0 |
|a Reluctant sister /
|c by Harriet Smith.
|
| 260 |
|
|
|a London :
|b Hale,
|c 1968.
|
| 300 |
|
|
|a 190 p. ;
|c 19 cm.
|
| 852 |
8 |
|
|b CARM
|h A2:AE24H0
|i A01150
|p 0112791
|f BK
|
| 082 |
0 |
4 |
|a 813.54
|2 20
|
| 999 |
f |
f |
|i 2629bb54-1231-5ddf-b327-8096a417bb47
|s 8589763d-13da-50d6-8b18-0e15a66a6e0d
|
| 952 |
f |
f |
|p Can circulate
|a CAVAL
|b CAVAL
|c CAVAL
|d CARM 1 Store
|e A01150
|f A2:AE24H0
|h Other scheme
|i book
|m 0112791
|